| 000 | 00720nam a22002297a 4500 | ||
|---|---|---|---|
| 999 |
_c11543 _d11543 |
||
| 003 | AR-CdUCM | ||
| 008 | 190404b ||||| |||| 00| 0 spa d | ||
| 040 |
_aMUNICIPALIDAD PROVINCIAL DEL CUSCO _cBIBLIOTECA MUNICIPAL DEL CUSCO |
||
| 082 |
_aEP / 372.510 / _bAR66 |
||
| 100 |
_aAragón, Vilma _928961 |
||
| 245 |
_aAlfa 6 : _bFichas de Matemática / |
||
| 260 |
_aLima : _bBruño.. |
||
| 300 |
_a200 páginas ; _bIlustraciones _c28cm |
||
| 500 | _aEducación primaria 6to | ||
| 505 | _aContenido: Matemáticas | ||
| 650 |
_aMatemáticas _99398 |
||
| 650 |
_aEducación primaria _91561 |
||
| 700 |
_aArellano, Teresa _928962 |
||
| 700 |
_aAyala, Ana _928963 |
||
| 942 |
_2ddc _cLIBROS |
||
| 945 |
_anom _d2019-04-04 |
||